Modern Family Cast - Statistics

General Stats
  • This quiz has been taken 72 times
  • The average score is 12 of 16
Answer Stats
Picture Answer % Correct
Claire Dunphy
97%
Phil Dunphy
95%
Haley Dunphy
92%
Alex Dunphy
91%
Jay Pritchett
91%
Luke Dunphy
91%
Gloria Delgado-Pritchett
89%
Mitchell Pritchett
83%
Cameron Tucker
82%
Manny Delgado
80%
Joe Pritchett
77%
Lily Tucker-Pritchett
76%
frank dunphy
62%
Pameron Tucker
56%
Andy Bailey
44%
Dylan Marshall
39%
No matching quizzes found
Score Distribution
Percent of People with Each Score
Percentile by Number Answered
Your Score History
You have not taken this quiz